[Event "IECG WC.2004.F.00001"]
[Site "IECG email"]
[Date "2005.05.16"]
[Round "?"]
[White "Robson, Nigel"]
[Black "Sakai, Kiyotaka"]
[Result "1-0"]
[WhiteElo "2547"]
[BlackElo "2510"]
[PlyCount "87"]
[EventDate "2005.05.16"]
[EventType "tourn (corr)"]
[EventRounds "6"]
[SourceTitle "Corr 2008"]
[Source "ChessBase"]
[SourceDate "2008.06.24"]
[SourceVersion "1"]
[SourceVersionDate "2008.06.24"]
[SourceQuality "1"]

1. e4 c5 2. Nf3 Nc6 3. d4 cxd4 4. Nxd4 Nf6 5. Nc3 e5 6. Ndb5 d6 7. Bg5 a6 8. Na3 b5 9. Bxf6 gxf6 10. Nd5 f5 11. c3 Bg7 12. exf5 Bxf5 13. Nc2 0-0 14. Nce3 Be6 15. Bd3 f5 16. 0-0 Kh8 17. Qh5 e4 18. Bc2 Ne7 19. Rad1 Rc8 20. f3 Nxd5 21. Nxd5 Bxd5 22. Rxd5 Qb6+ 23. Kh1 Qe3 24. f4 b4 25. Rxf5 bxc3 26. bxc3 Bxc3 27. g3 Bg7 28. Bb3 Rxf5 29. Qxf5 Rd8 30. Qa5 Bf6 31. Qxa6 Qd2 32. Bc4 Qd4 33. Be2 Qc3 34. a4 d5 35. a5 Bd4 36. Rb1 Rg8 37. Qb5 Rd8 38. a6 Qe3 39. Qa5 Rd7 40. Bh5 Qf2 41. Qa4 Rd8 42. Rd1 Bg7 43. a7 Ra8 44. Rc1 1-0

[Event "IECG WC.2004.F.00001"]
[Site "IECG email"]
[Date "2005.05.16"]
[Round "?"]
[White "Sakai, Kiyotaka"]
[Black "Pappier, Carlos Guillermo"]
[Result "1/2-1/2"]
[WhiteElo "2510"]
[BlackElo "2455"]
[PlyCount "77"]
[EventDate "2005.05.16"]
[EventType "tourn (corr)"]
[EventRounds "6"]
[SourceTitle "Corr 2008"]
[Source "ChessBase"]
[SourceDate "2008.06.24"]
[SourceVersion "1"]
[SourceVersionDate "2008.06.24"]
[SourceQuality "1"]

1. e4 c5 2. Nf3 Nc6 3. d4 cxd4 4. Nxd4 Nf6 5. Nc3 d6 6. Bg5 e6 7. Qd2 a6 8. 0-0-0 Bd7 9. f4 b5 10. Bxf6 gxf6 11. Kb1 Qb6 12. Nxc6 Bxc6 13. f5 b4 14. Ne2 Bxe4 15. fxe6 fxe6 16. Nf4 d5 17. Bd3 0-0-0 18. Bxe4 dxe4 19. Qe2 Rxd1+ 20. Rxd1 e3 21. Qf3 Kb8 22. Nh5 e2 23. Qxe2 Be7 24. Rf1 e5 25. g4 Rd8 26. Ng3 Qb5 27. Qxb5+ axb5 28. Kc1 Kc7 29. Rd1 Ra8 30. Kb1 Kc6 31. h3 Rg8 32. Rc1 Kd5 33. c3 bxc3 34. Rxc3 Bc5 35. Rf3 Rf8 36. Kc2 Rc8 37. Kb3 Ke6 38. a3 Rc7 39. Rc3 1/2-1/2

[Event "IECG WC.2004.F.00001"]
[Site "IECG email"]
[Date "2005.05.16"]
[Round "?"]
[White "Schrancz, Istvan"]
[Black "Sakai, Kiyotaka"]
[Result "1/2-1/2"]
[WhiteElo "2482"]
[BlackElo "2510"]
[PlyCount "154"]
[EventDate "2005.05.16"]
[EventType "tourn (corr)"]
[EventRounds "6"]
[SourceTitle "Corr 2008"]
[Source "ChessBase"]
[SourceDate "2008.06.24"]
[SourceVersion "1"]
[SourceVersionDate "2008.06.24"]
[SourceQuality "1"]

1. d4 d5 2. c4 c6 3. Nf3 Nf6 4. Nc3 e6 5. e3 Nbd7 6. Qc2 Bd6 7. b3 0-0 8. Be2 b6 9. 0-0 Bb7 10. Bb2 c5 11. cxd5 exd5 12. dxc5 bxc5 13. Rfd1 Qe7 14. Nb5 Bb8 15. Rac1 a6 16. Nc3 Bd6 17. Qf5 Rfe8 18. Rc2 h6 19. Rcd2 Nb6 20. Qb1 Rad8 21. h3 Qe6 22. a3 Bc7 23. Ba1 Rb8 24. Rc2 Nbd7 25. Qc1 Bd6 26. Na4 Rec8 27. Nb2 a5 28. Nd3 Bc6 29. Nd2 Bb5 30. Bf1 Ne4 31. Nxe4 dxe4 32. Nb2 Bxf1 33. Kxf1 Bf8 34. Nc4 Rxb3 35. Nxa5 Rd3 36. Nc4 Nb6 37. Ne5 Rb3 38. Nc4 Nxc4 39. Rxc4 Rd3 40. Re1 Rxa3 41. Qxa3 Qxc4+ 42. Kg1 Qb4 43. Qc1 Rd8 44. Qc3 Qa4 45. g3 Qa2 46. Qb2 Qxb2 47. Bxb2 Rd2 48. Ba1 c4 49. Bd4 Rc2 50. Rb1 Ba3 51. Rb8+ Kh7 52. Re8 c3 53. Rc8 Rc1+ 54. Kg2 c2 55. Rc4 h5 56. Bc5 Bxc5 57. Rxc5 Kg6 58. Rc6+ f6 59. Rc5 Kf7 60. g4 hxg4 61. hxg4 Kg8 62. Kh2 Kh7 63. Kg2 g6 64. Rc7+ Kh6 65. Rc5 f5 66. gxf5 gxf5 67. Rc8 Kg5 68. Rc7 f4 69. exf4+ Kxf4 70. Rc5 Kg4 71. Rc8 Kf5 72. Rc5+ Ke6 73. Rc8 Kd5 74. Rc7 Kd4 75. Rc8 Kd3 76. Rd8+ Ke2 77. Rc8 Kd1 1/2-1/2

[Event "IECG WC.2005.T.00003 email"]
[Site "IECG email"]
[Date "2004.12.15"]
[Round "?"]
[White "Sakai, Kiyotaka"]
[Black "Sidenko, Anatoly Viktorovich"]
[Result "1-0"]
[WhiteElo "2518"]
[BlackElo "2269"]
[PlyCount "79"]
[EventDate "2004.12.15"]
[EventType "tourn (corr)"]
[EventRounds "10"]
[SourceTitle "Corr 2008"]
[Source "ChessBase"]
[SourceDate "2008.06.24"]
[SourceVersion "1"]
[SourceVersionDate "2008.06.24"]
[SourceQuality "1"]

1. e4 e5 2. Nf3 Nc6 3. Bb5 a6 4. Ba4 Nf6 5. 0-0 Be7 6. Re1 b5 7. Bb3 0-0 8. c3 d6 9. h3 Bb7 10. d4 Re8 11. Nbd2 Bf8 12. a4 h6 13. Bc2 exd4 14. cxd4 Nb4 15. Bb1 c5 16. d5 Nd7 17. Ra3 g6 18. Nh2 Bg7 19. Ndf3 bxa4 20. Ng4 Kh7 21. Qd2 h5 22. Nh6 f6 23. Nh4 Ne5 24. Nxg6 Nxg6 25. Nf5 Rh8 26. Qe2 Kg8 27. Rg3 Bc8 28. Rxg6 Bxf5 29. exf5 Kf8 30. Qe6 Ra7 31. Bf4 Rd7 32. Re3 h4 33. g4 hxg3 34. Rexg3 Qe7 35. Kh2 Rh4 36. Qxe7+ Kxe7 37. Rxg7+ Kd8 38. Rxd7+ Kxd7 39. Rg7+ Ke8 40. Kg3 1-0

[Event "IECG WC.2005.T.00003 email"]
[Site "IECG email"]
[Date "2004.12.15"]
[Round "?"]
[White "Valeinis, Janis"]
[Black "Sakai, Kiyotaka"]
[Result "1/2-1/2"]
[WhiteElo "2371"]
[BlackElo "2518"]
[PlyCount "54"]
[EventDate "2004.12.15"]
[EventType "tourn (corr)"]
[EventRounds "10"]
[SourceTitle "Corr 2008"]
[Source "ChessBase"]
[SourceDate "2008.06.24"]
[SourceVersion "1"]
[SourceVersionDate "2008.06.24"]
[SourceQuality "1"]

1. d4 d5 2. c4 dxc4 3. Nf3 Nf6 4. e3 e6 5. Bxc4 c5 6. 0-0 a6 7. a4 Nc6 8. Qe2 Be7 9. Rd1 0-0 10. Nc3 Qc7 11. h3 Rd8 12. d5 exd5 13. Bxd5 Nb4 14. e4 Nfxd5 15. exd5 Bf5 16. Bf4 Qxf4 17. Qxe7 Bxh3 18. Ne2 Qg4 19. Ng3 Nxd5 20. Qxb7 Qc8 21. Qxc8 Bxc8 22. Rd2 Bb7 23. Rad1 Bc6 24. b3 f6 25. Ne4 Re8 26. Nxc5 Nf4 27. b4 Ne2+ 1/2-1/2

[Event "CFriend AC-2003-S-00001 email"]
[Site "Chessfriend.com"]
[Date "2004.12.01"]
[Round "1"]
[White "Sakai, Kiyotaka"]
[Black "Knoeppel, Bjoern"]
[Result "1-0"]
[WhiteElo "2464"]
[BlackElo "2115"]
[PlyCount "69"]
[EventDate "2004.??.??"]
[EventType "tourn (corr)"]
[EventRounds "6"]
[SourceTitle "Corr 2024"]
[Source "ChessBase"]
[SourceDate "2023.10.19"]
[SourceVersion "1"]
[SourceVersionDate "2023.10.19"]
[SourceQuality "1"]

1. e4 d5 2. exd5 Qxd5 3. Nc3 Qa5 4. d4 c6 5. Nf3 Nf6 6. Bd2 Bf5 7. Ne4 Qc7 8. Nxf6+ gxf6 9. g3 Nd7 10. Bg2 0-0-0 11. 0-0 e5 12. Be3 Nb6 13. Qe2 Bg7 14. a4 Nd5 15. c4 Nxe3 16. fxe3 Bg4 17. Qf2 Qa5 18. Nh4 Rhg8 19. d5 cxd5 20. Bxd5 Rd7 21. Qe1 Qb6 22. b4 Be6 23. a5 Qc7 24. e4 Kb8 25. Nf5 Bf8 26. Rd1 h5 27. c5 Bxf5 28. Rxf5 h4 29. a6 hxg3 30. hxg3 b6 31. Rxf6 Qd8 32. Rc6 Rg6 33. Rxg6 fxg6 34. Kg2 Be7 35. Qe2 1-0

[Event "CFriend AC-2003-S-00001 email"]
[Site "Chessfriend.com"]
[Date "2004.12.01"]
[Round "1"]
[White "Sakai, Kiyotaka"]
[Black "Straka, ZdenK"]
[Result "1/2-1/2"]
[WhiteElo "2464"]
[BlackElo "2481"]
[PlyCount "56"]
[EventDate "2004.??.??"]
[EventType "tourn (corr)"]
[EventRounds "6"]
[SourceTitle "Corr 2024"]
[Source "ChessBase"]
[SourceDate "2023.10.19"]
[SourceVersion "1"]
[SourceVersionDate "2023.10.19"]
[SourceQuality "1"]

1. e4 e5 2. Nf3 Nc6 3. Bb5 a6 4. Ba4 Nf6 5. 0-0 Be7 6. Re1 b5 7. Bb3 d6 8. c3 0-0 9. h3 Bb7 10. d4 Re8 11. Nbd2 Bf8 12. a4 h6 13. Bc2 exd4 14. cxd4 Nb4 15. Bb1 c5 16. d5 Nd7 17. Ra3 c4 18. Nd4 Qf6 19. N2f3 Nd3 20. Rxd3 cxd3 21. axb5 axb5 22. Bxd3 Nc5 23. b4 Nxd3 24. Qxd3 Bc8 25. Kh2 Bd7 26. Bd2 Qg6 27. Nh4 Qf6 28. Nhf3 Qg6 1/2-1/2

[Event "IECG WC.2003.F.00002 email"]
[Site "IECG email"]
[Date "2003.12.20"]
[Round "?"]
[White "Epiney, Flo"]
[Black "Sakai, Kiyotaka"]
[Result "1/2-1/2"]
[WhiteElo "2308"]
[BlackElo "2522"]
[PlyCount "48"]
[EventDate "2003.12.20"]
[EventType "tourn (corr)"]
[EventRounds "14"]
[SourceTitle "Corr 2008"]
[Source "ChessBase"]
[SourceDate "2008.06.24"]
[SourceVersion "1"]
[SourceVersionDate "2008.06.24"]
[SourceQuality "1"]

1. d4 d5 2. c4 dxc4 3. Nf3 Nf6 4. Nc3 a6 5. e4 b5 6. e5 Nd5 7. a4 Nxc3 8. bxc3 Qd5 9. g3 Bb7 10. Bg2 Qd7 11. Ba3 g6 12. 0-0 Bg7 13. Re1 0-0 14. Bc5 Bd5 15. Ng5 Nc6 16. e6 fxe6 17. Qg4 Bxg2 18. Kxg2 Qd5+ 19. f3 e5 20. Ne6 exd4 21. cxd4 b4 22. Nxc7 h5 23. Qxg6 Qxf3+ 24. Kg1 Qf2+ 1/2-1/2

[Event "IECG WC.2003.F.00002 email"]
[Site "IECG email"]
[Date "2003.12.20"]
[Round "?"]
[White "Fiala, Jaroslav"]
[Black "Sakai, Kiyotaka"]
[Result "1/2-1/2"]
[WhiteElo "2365"]
[BlackElo "2522"]
[PlyCount "35"]
[EventDate "2003.12.20"]
[EventType "tourn (corr)"]
[EventRounds "14"]
[SourceTitle "Corr 2008"]
[Source "ChessBase"]
[SourceDate "2008.06.24"]
[SourceVersion "1"]
[SourceVersionDate "2008.06.24"]
[SourceQuality "1"]

1. d4 d5 2. Nf3 Nf6 3. c4 dxc4 4. e3 e6 5. Bxc4 c5 6. Qe2 a6 7. dxc5 Bxc5 8. 0-0 Nc6 9. e4 b5 10. Bb3 Nd4 11. Nxd4 Qxd4 12. Be3 Qe5 13. Bxc5 Qxc5 14. e5 Nd7 15. Re1 Bb7 16. Nd2 0-0 17. Rac1 Qb6 18. Ne4 1/2-1/2